Tunnettuja Juhaneita - Statistics

Yleistilastot
  • Tätä visaa on pelattu 61 kertaa
  • Keskiarvotulos 12 / 20
Vastaustilastot
Vastaus % Oikein
Juha Mieto
88%
J. K. Paasikivi
86%
Jussi Halla-aho
86%
Juhani "Juice" Leskinen
84%
Juha Tapio
82%
Juhani Aho
72%
Juha "Watt" Vainio
72%
Juha Sipilä
70%
Jukka Jalonen
67%
Jussi Vatanen
65%
Johannes Brotherus
58%
Juha Kankkunen
58%
Jukka Hildén
56%
Jukka Kuoppamäki
54%
Jussi Vares
44%
Juha Torvinen
42%
Jussi Koskela
33%
Jukka Rasila
30%
Jussi Jurkka
25%
Johannes Holopainen
23%
Ehtoja vastaavia visoja ei löytynyt
Tulosjakauma
Jokaisen tuloksen saaneiden osuus
Persentiili vastausten määrän mukaan
Tuloshistoriasi
Et ole pelannut tätä visaa